|
|
|
|
| LEADER |
00000nlm0a2200000 4500 |
| 001 |
194303 |
| 005 |
20231214110203.0 |
| 035 |
|
|
|a (RuTPU)RU\TPU\book\211922
|
| 090 |
|
|
|a 194303
|
| 100 |
|
|
|a 20110412d2011 k y0rusy50 ca
|
| 101 |
0 |
|
|a rus
|
| 102 |
|
|
|a RU
|
| 105 |
|
|
|a a dm 000zy
|
| 135 |
|
|
|a drgn ---uucaa
|
| 181 |
|
0 |
|a i
|
| 182 |
|
0 |
|a b
|
| 200 |
1 |
|
|a Разработка автоматической системы анализа спекл-фотографий и электронных спекл-изображений для исследования закономерностей пластической деформации
|e автореферат диссертации на соискание ученой степени кандидата технических наук
|e спец. 05.11.13
|f К. В. Павличев
|g Национальный исследовательский Томский политехнический университет (ТПУ) ; Академия наук СССР (АН СССР), Сибирское отделение (СО), Институт физики прочности и материаловедения (ИФПМ) ; науч. рук. Л. Б. Зуев
|
| 203 |
|
|
|a Текст
|c электронный
|
| 210 |
|
|
|a Томск
|d 2011
|
| 215 |
|
|
|a 1 файл (1.1 Mb)
|
| 300 |
|
|
|a Заглавие с титульного экрана
|
| 300 |
|
|
|a Электронная версия печатной публикации
|
| 337 |
|
|
|a Adobe Reader
|
| 452 |
|
1 |
|0 (RuTPU)RU\TPU\book\212985
|t Разработка автоматической системы анализа спекл-фотографий и электронных спекл-изображений для исследования закономерностей пластической деформации
|o автореферат диссертации на соискание ученой степени кандидата технических наук
|o спец. 05.11.13
|f К. В. Павличев
|g Российская академия наук (РАН), Сибирское отделение (СО), Институт физики прочности и материаловедения (ИФПМ) ; Национальный исследовательский Томский государственный университет (ТГУ) ; науч. рук. Л. Б. Зуев ; науч. конс. В. В. Горбатенко
|c Томск
|d 2011
|p 19 с.
|a Павличев, Кирилл Викторович
|
| 606 |
1 |
|
|a Пластическая деформация
|2 stltpush
|3 (RuTPU)RU\TPU\subj\49067
|9 67878
|
| 606 |
1 |
|
|a Интерферометрия оптическая
|x Материаловедение
|2 stltpush
|3 (RuTPU)RU\TPU\subj\12846
|
| 610 |
1 |
|
|a электронный ресурс
|
| 610 |
1 |
|
|a авторефераты диссертаций
|
| 610 |
1 |
|
|a измерение
|
| 610 |
1 |
|
|a методы
|
| 610 |
1 |
|
|a спекл-фотографии
|
| 610 |
1 |
|
|a анализ
|
| 610 |
1 |
|
|a автоматическая система
|
| 610 |
1 |
|
|a локализованная пластическая деформация
|
| 610 |
1 |
|
|a визуализация
|
| 610 |
1 |
|
|a автоматизированный оптико-телевизионный комплекс
|
| 610 |
1 |
|
|a пластическое течение
|
| 610 |
1 |
|
|a приборы
|
| 610 |
1 |
|
|a разработка
|
| 610 |
1 |
|
|a экспериментальные исследования
|
| 610 |
1 |
|
|a труды учёных ТПУ
|
| 675 |
|
|
|a 539.374(04)
|v 3
|
| 675 |
|
|
|a 620.179.1(04)
|v 3
|
| 686 |
|
|
|a 05.11.13
|2 oksvnk
|
| 700 |
|
1 |
|a Павличев
|b К. В.
|c специалист в области неразрушающего контроля
|c младший научный сотрудник Томского политехнического университета, кандидат технических наук
|f 1982-
|g Кирилл Викторович
|3 (RuTPU)RU\TPU\pers\28158
|9 13116
|
| 702 |
|
1 |
|a Зуев
|b Л. Б.
|g Лев Борисович
|4 727
|
| 712 |
0 |
2 |
|a Национальный исследовательский Томский политехнический университет (ТПУ)
|c (2009- )
|3 (RuTPU)RU\TPU\col\15902
|
| 712 |
0 |
2 |
|a Академия наук СССР (АН СССР)
|b Сибирское отделение (СО)
|b Институт физики прочности и материаловедения (ИФПМ)
|c (Томск)
|3 (RuTPU)RU\TPU\col\11521
|
| 801 |
|
2 |
|a RU
|b 63413507
|c 20110622
|g RCR
|
| 856 |
4 |
|
|u http://www.lib.tpu.ru/fulltext/a/2011/15.pdf
|
| 942 |
|
|
|c CF
|